| 000 | nam a22 a 4500 | ||
|---|---|---|---|
| 999 |
_c57013 _d57013 |
||
| 003 | BLK | ||
| 005 | 20220709140931.0 | ||
| 008 | 180408b bul|||||r ||||||| ||bul|| | ||
| 040 | _aBLK | ||
| 041 |
_aBUL _cBUL |
||
| 080 |
_aВредители на растенията. Болести. Защита _b632 _x(075.8) _z632(075.8) |
||
| 100 | 1 |
_aКръстев, Кръстьо _eпърви автор _9367492 |
|
| 139 |
_aКръстев, Кръстьо и др. _bК 92 |
||
| 245 | 1 | 0 |
_aФитопатология на селскостопанските растения _bУчебник за студентите от агрон. фак. _cКръстьо Кръстев; съавт. Лилия Белева. |
| 250 | _a2. изд. | ||
| 257 | _aBGR | ||
| 260 |
_aСофия _bЗемиздат _c1970 |
||
| 300 |
_a400 с. _c20 см |
||
| 380 | _a63 | ||
| 500 | _a1. изд. 1964 с авт. Ал. Кръстев, Кр. Кръстев. - 3 050 тир. | ||
| 650 | 4 |
_aФитотерапия, селскостопанска _9287270 |
|
| 653 | _aфитотерапия | ||
| 653 | _aселско стопанство | ||
| 653 | _aучебници за ВУЗ | ||
| 700 | 1 |
_aБелева, Лилия _eсъавт. _9287269 |
|
| 852 |
_aЦб 54145 _bЦб |
||
| 856 | 4 | _qpdf | |
| 856 | 4 | _qpdf | |
| 942 |
_cKNG _n0 _s1 |
||
| 944 |
_aCR _c13.06.2004 _kЛюдмила_Стоянова |
||
| 944 |
_aED _c2022-07-09 _kКети |
||